Countries Closest to Tunisia - One Minute Sprint - Statistics

General Stats
  • This quiz has been taken 97 times
    91 since last reset
  • The average score is 13 of 20
Answer Stats
km country miles % Correct
0 Algeria 0
100%
0 Libya 0
99%
71 Italy 44
94%
498 Spain 310
93%
807 Morocco 501
91%
288 Malta 179
89%
450 France 280
83%
787 Greece 489
71%
702 San Marino 436
70%
554 Vatican City 345
70%
700 Monaco 435
64%
786 Niger 488
60%
805 Albania 500
53%
856 Andorra 532
47%
871 Croatia 541
44%
921 Switzerland 572
44%
870 Bosnia and Herzegovina 541
39%
957 Slovenia 595
39%
937 North Macedonia 582
36%
874 Montenegro 543
34%
No matching quizzes found
Score Distribution
Percent of People with Each Score
Percentile by Number Answered
Your Score History
You have not taken this quiz since the last reset